[Event "ROM-ch U18 Girls"]
[Site "Baile Felix"]
[Date "2017.02.07"]
[Round "7"]
[White "Lascu, Florica"]
[Black "Toba, Andreea Valentina"]
[Result "0-1"]
[WhiteElo "1002"]
[BlackElo "1548"]
[PlyCount "49"]
[EventDate "2017.02.02"]
[EventType "swiss"]
[EventRounds "9"]
[EventCountry "ROU"]
[SourceTitle "CBM 176 Extra"]
[Source "ChessBase"]
[SourceDate "2017.03.02"]
[SourceVersion "1"]
[SourceVersionDate "2017.03.02"]
[SourceQuality "1"]

1. d4 Nf6 2. c4 g6 3. Nc3 Bg7 4. Bf4 0-0 5. e3 d6 6. h3 Nbd7 7. Nf3 Re8 8. Bg3 c6 9. b4 Nh5 10. Bh2 c5 11. a3 cxd4 12. exd4 e5 13. dxe5 dxe5 14. Bd3 e4 15. Nxe4 Bxa1 16. Qxa1 f5 17. Kf1 fxe4 18. Be2 exf3 19. Bxf3 Nhf6 20. Bd5+ Nxd5 21. cxd5 Qe7 22. g3 Qe4 23. Rg1 Ne5 24. g4 Nf3 25. Rg2 0-1

[Event "ROM-ch U18 Girls"]
[Site "Baile Felix"]
[Date "2017.02.04"]
[Round "3"]
[White "Cimpean, Andra"]
[Black "Lascu, Florica"]
[Result "1-0"]
[WhiteElo "2018"]
[BlackElo "1002"]
[PlyCount "55"]
[EventDate "2017.02.02"]
[EventType "swiss"]
[EventRounds "9"]
[EventCountry "ROU"]
[SourceTitle "CBM 176 Extra"]
[Source "ChessBase"]
[SourceDate "2017.03.02"]
[SourceVersion "1"]
[SourceVersionDate "2017.03.02"]
[SourceQuality "1"]

1. e4 e5 2. Nf3 Nc6 3. Bc4 Bc5 4. c3 Nf6 5. d3 0-0 6. Nbd2 Ng4 7. 0-0 d6 8. h3 Nf6 9. Bb3 Be6 10. Re1 Nh5 11. Nf1 Qf6 12. Bg5 Qg6 13. d4 f6 14. Bxe6+ Kh8 15. Be3 Bb6 16. Bf5 Qf7 17. d5 Ne7 18. Bg4 Bxe3 19. Nxe3 Nf4 20. Nh4 g6 21. g3 Nh5 22. Bxh5 gxh5 23. Nef5 Ng6 24. Qxh5 Rg8 25. Nh6 Qd7 26. Nxg8 Nxh4 27. Nxf6 Qxh3 28. Qxh7# 1-0